[Event "CFriend SL-2003-0-00008 email"]
[Site "Chessfriend.com"]
[Date "2003.05.13"]
[Round "?"]
[White "Dehombreux, Pierre"]
[Black "Adamczyk, Wieslaw"]
[Result "0-1"]
[WhiteElo "1195"]
[BlackElo "1378"]
[PlyCount "94"]
[EventDate "2003.05.13"]
[EventType "tourn (corr)"]
[EventRounds "12"]
[SourceTitle "Corr 2008"]
[Source "ChessBase"]
[SourceDate "2008.06.24"]
[SourceVersion "1"]
[SourceVersionDate "2008.06.24"]
[SourceQuality "1"]

1. e4 Nf6 2. e5 Nd5 3. d4 d6 4. Nf3 Nc6 5. c4 Nb6 6. exd6 exd6 7. Nc3 Bf5 8. Be3 Nb4 9. Rc1 Be7 10. a3 Na6 11. c5 dxc5 12. Bxa6 bxa6 13. dxc5 Qxd1+ 14. Rxd1 Nc4 15. Nd5 Bd8 16. Bd4 0-0 17. 0-0 Be4 18. Bc3 c6 19. Ne3 Nxe3 20. fxe3 Be7 21. b4 Rad8 22. Kf2 a5 23. h3 Bd3 24. Rfe1 Rfe8 25. Bd4 Be4 26. Nd2 Bc2 27. Rc1 Bf5 28. Nf3 axb4 29. axb4 Be4 30. Ra1 Rd7 31. Re2 f6 32. Rea2 Ra8 33. Nd2 Bd3 34. Kf3 a6 35. Nb3 Bc4 36. Ra3 Bd5+ 37. Kf2 Rb7 38. Bc3 Bxb3 39. Rxb3 Bxc5 40. Rbb1 Be7 41. Kf3 Kf7 42. e4 Ke6 43. Ra5 Rd8 44. Ke3 Rb6 45. Ra4 c5 46. g4 cxb4 47. Bxb4 Rdb8 0-1

[Event "IECG QE.2003.0.00039"]
[Site "IECG email"]
[Date "2003.03.11"]
[Round "1"]
[White "Neighbors, Teddy"]
[Black "Dehombreux, Pierre"]
[Result "1-0"]
[WhiteElo "1370"]
[BlackElo "1200"]
[PlyCount "27"]
[EventDate "2003.03.11"]
[EventType "tourn (corr)"]
[EventRounds "6"]
[SourceTitle "Corr 2024"]
[Source "ChessBase"]
[SourceDate "2023.10.19"]
[SourceVersion "1"]
[SourceVersionDate "2023.10.19"]
[SourceQuality "1"]

1. Nf3 f5 2. e4 fxe4 3. Ng5 Nf6 4. d3 d5 5. dxe4 h6 6. Nf3 Nc6 7. Bb5 Qd6 8. e5 Qe6 9. 0-0 Nd7 10. Nc3 Nb6 11. Nd4 Qd7 12. e6 Qd6 13. Bf4 Qxf4 14. Bxc6+ 1-0

[Event "IECC Swiss email"]
[Site "IECC email"]
[Date "2002.11.01"]
[Round "?"]
[White "Quaranta, Cristiano"]
[Black "Dehombreux, Pierre"]
[Result "1-0"]
[WhiteElo "1720"]
[BlackElo "1321"]
[PlyCount "36"]
[EventDate "2002.??.??"]
[EventType "tourn (corr)"]
[EventRounds "6"]
[SourceTitle "Corr 2008"]
[Source "ChessBase"]
[SourceDate "2008.06.24"]
[SourceVersion "1"]
[SourceVersionDate "2008.06.24"]
[SourceQuality "1"]

1. e4 c6 2. Nc3 d5 3. d4 dxe4 4. f3 exf3 5. Nxf3 Nf6 6. Bc4 Nbd7 7. 0-0 e6 8. Qe2 Be7 9. Ne5 Qb6 10. Nxf7 Kxf7 11. Qxe6+ Ke8 12. Re1 Ng8 13. Bg5 Qxd4+ 14. Kh1 Kd8 15. Rad1 Qc5 16. Re5 Qb4 17. a3 Qxb2 18. Bxe7+ Kc7 1-0

[Event "IECG CP.2002.P.00058 email"]
[Site "IECG email"]
[Date "2002.10.01"]
[Round "?"]
[White "Dehombreux, Pierre"]
[Black "Simon, Holger"]
[Result "0-1"]
[WhiteElo "1200"]
[BlackElo "2058"]
[PlyCount "58"]
[EventDate "2002.10.01"]
[EventType "tourn (corr)"]
[EventRounds "6"]
[EventCountry "GER"]
[SourceTitle "Corr 2008"]
[Source "ChessBase"]
[SourceDate "2008.06.24"]
[SourceVersion "1"]
[SourceVersionDate "2008.06.24"]
[SourceQuality "1"]

1. e4 c6 2. d4 d5 3. e5 Bf5 4. Nf3 e6 5. Be2 Ne7 6. 0-0 c5 7. c3 Nec6 8. Nbd2 cxd4 9. cxd4 Be7 10. a3 a5 11. b3 0-0 12. Bb2 Qb6 13. h3 Nd7 14. Re1 Rac8 15. Nf1 Rc7 16. Ng3 Bg6 17. Bd3 Bxd3 18. Qxd3 Qa6 19. Qxa6 bxa6 20. Rec1 a4 21. b4 Nb6 22. Rc2 Rfc8 23. Nd2 a5 24. bxa5 Nxa5 25. Rxc7 Rxc7 26. Rb1 Rc2 27. Nf3 Nbc4 28. Bc1 Nb3 29. Be3 Bxa3 0-1

[Event "IECG CP.2002.P.00058 email"]
[Site "IECG email"]
[Date "2002.10.01"]
[Round "?"]
[White "Dehombreux, Pierre"]
[Black "Wurschner, Miroslav"]
[Result "0-1"]
[WhiteElo "1200"]
[BlackElo "2227"]
[PlyCount "60"]
[EventDate "2002.10.01"]
[EventType "tourn (corr)"]
[EventRounds "6"]
[EventCountry "GER"]
[SourceTitle "Corr 2008"]
[Source "ChessBase"]
[SourceDate "2008.06.24"]
[SourceVersion "1"]
[SourceVersionDate "2008.06.24"]
[SourceQuality "1"]

1. e4 c5 2. Nf3 d6 3. d4 cxd4 4. Nxd4 Nf6 5. Nc3 a6 6. Bg5 e6 7. Qf3 Nbd7 8. Bd3 Ne5 9. Qe2 Be7 10. h3 0-0 11. f4 Nxd3+ 12. Qxd3 Qc7 13. 0-0-0 b5 14. f5 b4 15. Nce2 Bb7 16. Ng3 Nxe4 17. Nxe4 Bxe4 18. Qxe4 Bxg5+ 19. Kb1 e5 20. Qc6 Rfc8 21. Qxc7 Rxc7 22. Nf3 Be7 23. Rd5 Rac8 24. Rc1 Rc5 25. Rxc5 Rxc5 26. g4 g6 27. fxg6 hxg6 28. Ng1 f5 29. gxf5 gxf5 30. Ne2 d5 0-1

[Event "IECG QE.2002.0.00026"]
[Site "IECG email"]
[Date "2002.09.01"]
[Round "?"]
[White "Collins Jr, Thomas"]
[Black "Dehombreux, Pierre"]
[Result "1-0"]
[WhiteElo "1297"]
[BlackElo "1200"]
[PlyCount "100"]
[EventDate "2002.09.01"]
[EventType "tourn (corr)"]
[EventRounds "6"]
[SourceTitle "Corr 2024"]
[Source "ChessBase"]
[SourceDate "2023.10.19"]
[SourceVersion "1"]
[SourceVersionDate "2023.10.19"]
[SourceQuality "1"]

1. d4 c5 2. dxc5 e6 3. Nd2 Qa5 4. e4 Bxc5 5. c3 Qc7 6. Nb3 Bb6 7. Qg4 g6 8. Qh4 Qe5 9. Nf3 Qf6 10. Bg5 Qg7 11. Bf4 Nc6 12. Bd6 Bd8 13. Qf4 Be7 14. Nbd2 e5 15. Bxe5 Nxe5 16. Qxe5 Qxe5 17. Nxe5 d6 18. Bb5+ Kf8 19. Nef3 a6 20. Bc4 b5 21. Bd5 Ra7 22. 0-0 Bb7 23. Bxb7 Rxb7 24. Nd4 Rb6 25. Rad1 Nf6 26. f3 Nd7 27. Rfe1 Ne5 28. Nf1 Kg7 29. Ne3 Rc8 30. Nd5 Rb7 31. Nxe7 Rxe7 32. Ne2 Rd8 33. Nf4 Nc4 34. Re2 h5 35. b3 Nb6 36. Red2 Red7 37. Rd4 Kf6 38. a4 bxa4 39. Rb4 Na8 40. Nd5+ Kg7 41. Rxa4 Ra7 42. Kf2 Rdd7 43. c4 f6 44. b4 Kf7 45. Rda1 Nc7 46. b5 Nxd5 47. cxd5 a5 48. Rxa5 Rxa5 49. Rxa5 Rb7 50. Ra6 Rxb5 1-0